<?xml version="1.0" encoding="UTF-8"?>
<record
    xmlns:xsi="http://www.w3.org/2001/XMLSchema-instance"
    xsi:schemaLocation="http://www.loc.gov/MARC21/slim http://www.loc.gov/standards/marcxml/schema/MARC21slim.xsd"
    xmlns="http://www.loc.gov/MARC21/slim">

  <leader>02550cam a2200421   4500</leader>
  <controlfield tag="001">13961</controlfield>
  <controlfield tag="003">http://catalogue.bnf.fr/ark:/12148/cb48612612z</controlfield>
  <controlfield tag="005">20251204142241.0</controlfield>
  <datafield tag="010" ind1=" " ind2=" ">
    <subfield code="a">9782846817806</subfield>
    <subfield code="d">17 EUR</subfield>
  </datafield>
  <datafield tag="020" ind1=" " ind2=" ">
    <subfield code="a">FR</subfield>
    <subfield code="b">02557387</subfield>
  </datafield>
  <datafield tag="073" ind1=" " ind2="0">
    <subfield code="a">9782846817806</subfield>
  </datafield>
  <datafield tag="090" ind1=" " ind2=" ">
    <subfield code="a">13961</subfield>
  </datafield>
  <datafield tag="099" ind1=" " ind2=" ">
    <subfield code="o">0</subfield>
  </datafield>
  <datafield tag="100" ind1=" " ind2=" ">
    <subfield code="a">20251003d2025    m  y0frey50      ba</subfield>
  </datafield>
  <datafield tag="101" ind1="0" ind2=" ">
    <subfield code="a">fre</subfield>
  </datafield>
  <datafield tag="102" ind1=" " ind2=" ">
    <subfield code="a">FR</subfield>
  </datafield>
  <datafield tag="105" ind1=" " ind2=" ">
    <subfield code="a">||||z   00|a|</subfield>
  </datafield>
  <datafield tag="181" ind1=" " ind2="0">
    <subfield code="6">01</subfield>
    <subfield code="a">i </subfield>
    <subfield code="b">xxxe  </subfield>
  </datafield>
  <datafield tag="181" ind1=" " ind2=" ">
    <subfield code="6">02</subfield>
    <subfield code="c">txt</subfield>
    <subfield code="2">rdacontent</subfield>
  </datafield>
  <datafield tag="182" ind1=" " ind2="0">
    <subfield code="6">01</subfield>
    <subfield code="a">n</subfield>
  </datafield>
  <datafield tag="182" ind1=" " ind2=" ">
    <subfield code="6">02</subfield>
    <subfield code="c">n</subfield>
    <subfield code="2">rdamedia</subfield>
  </datafield>
  <datafield tag="200" ind1="1" ind2=" ">
    <subfield code="a">Dol&#xE9;ances de Nanterre et d'ailleurs</subfield>
    <subfield code="b">LIVR</subfield>
  </datafield>
  <datafield tag="214" ind1=" " ind2="0">
    <subfield code="c">les Solitaires intempestifs</subfield>
    <subfield code="d">DL 2025</subfield>
  </datafield>
  <datafield tag="214" ind1=" " ind2="3">
    <subfield code="c">Impr. Pr&#xE9;sence graphique</subfield>
  </datafield>
  <datafield tag="214" ind1=" " ind2="0">
    <subfield code="a">Besan&#xE7;on</subfield>
  </datafield>
  <datafield tag="214" ind1=" " ind2="3">
    <subfield code="a">37-Monts</subfield>
  </datafield>
  <datafield tag="215" ind1=" " ind2=" ">
    <subfield code="a">1 vol. (185 p.)</subfield>
  </datafield>
  <datafield tag="215" ind1=" " ind2=" ">
    <subfield code="d">20 cm</subfield>
  </datafield>
  <datafield tag="300" ind1=" " ind2=" ">
    <subfield code="a">R&#xE9;unit : "Et toi, tu y &#xE9;tais sur les ronds-points ?" / Penda Diouf. "La vie est &#xE0; nous, malgr&#xE9; tout" / Claudine Gal&#xE9;a. "Nous porter" / Christophe Pellet. "Le jeu d&#xE9;mocratique" / Constance de Saint Remy. "2937W60" / Noham Selcer</subfield>
  </datafield>
  <datafield tag="305" ind1=" " ind2=" ">
    <subfield code="a">Cr&#xE9;ation : Nanterre (fr) : Th&#xE9;&#xE2;tre des Amandiers, 202411  </subfield>
  </datafield>
  <datafield tag="323" ind1=" " ind2=" ">
    <subfield code="a">ind&#xE9;fini</subfield>
  </datafield>
  <datafield tag="330" ind1=" " ind2=" ">
    <subfield code="a">D&#xE9;but 2019, confront&#xE9; &#xE0; la col&#xE8;re des Gilets jaunes, Emmanuel Macron appelait &#xE0; un grand d&#xE9;bat d&#xE9;mocratique. Des dizaines de milliers de pages furent noircies dans pr&#xE8;s de 20 000 cahiers. Des demandes, des critiques, des propositions. Des mots &#xE9;crits pour &#xEA;tre lus. En vain. Les cahiers de dol&#xE9;ances sont rest&#xE9;s lettres mortes. Une fois num&#xE9;ris&#xE9;s, ils sont all&#xE9;s dormir dans les rayonnages des Archives d&#xE9;partementales. Qui s en souvient aujourd hui ? Cinq ans plus tard, Christophe Rauck, le directeur du Th&#xE9;&#xE2;tre Nanterre-Amandiers, propose &#xE0; cinq autrices et auteurs d en tirer des textes de fiction pour que la litt&#xE9;rature fasse Suvre de m&#xE9;moire et que leurs &#xE9;critures contemporaines fassent vivre les dol&#xE9;ances, dans toute leur humanit&#xE9;, leur diversit&#xE9; et leur complexit&#xE9;. Cinq textes : Et toi tu y &#xE9;tais sur les ronds-points ? de Penda Diouf ; La vie est &#xE0; nous de Claudine Galea ; Nous porter de Christophe Pellet ; Le Jeu d&#xE9;mocratique de Constance de Saint R&#xE9;my ; 2937W60 de Noha</subfield>
  </datafield>
  <datafield tag="610" ind1=" " ind2=" ">
    <subfield code="a">t&#xE9;moignage</subfield>
    <subfield code="a">soci&#xE9;t&#xE9;</subfield>
    <subfield code="a">lutte</subfield>
    <subfield code="a">pouvoir</subfield>
  </datafield>
  <datafield tag="620" ind1="2" ind2=" ">
    <subfield code="d">Nanterre</subfield>
    <subfield code="a">fr</subfield>
    <subfield code="e">Th&#xE9;&#xE2;tre des Amandiers</subfield>
    <subfield code="f">202411  </subfield>
  </datafield>
  <datafield tag="686" ind1=" " ind2=" ">
    <subfield code="a">802</subfield>
    <subfield code="2">Cadre de classement de la Bibliographie nationale fran&#xE7;aise</subfield>
  </datafield>
  <datafield tag="801" ind1=" " ind2="0">
    <subfield code="a">FR</subfield>
    <subfield code="b">FR-751131015</subfield>
    <subfield code="c">20251003</subfield>
    <subfield code="g">AFNOR</subfield>
    <subfield code="h">FRBNF486126120000001</subfield>
  </datafield>
  <datafield tag="856" ind1=" " ind2="2">
    <subfield code="u">1130772</subfield>
    <subfield code="b">Premi&#xE8;re de couverture</subfield>
  </datafield>
  <datafield tag="856" ind1=" " ind2="2">
    <subfield code="u">1130773</subfield>
    <subfield code="b">Quatri&#xE8;me de couverture</subfield>
  </datafield>
  <datafield tag="995" ind1=" " ind2=" ">
    <subfield code="2">0</subfield>
    <subfield code="5">2025-12-04</subfield>
    <subfield code="9">13854</subfield>
    <subfield code="c">JOL</subfield>
    <subfield code="f">JOL-007662</subfield>
    <subfield code="k">TH COLL X</subfield>
    <subfield code="o">0</subfield>
    <subfield code="b">JOL</subfield>
    <subfield code="r">LIVR</subfield>
  </datafield>
</record>
